Political thought since world war II
Uloženo v:
| Hlavní autor: | |
|---|---|
| Médium: | Kniha |
| Jazyk: | Undetermined |
| Vydáno: |
London
The Free Press Of Glencoe
1964
|
| Témata: | |
| Tagy: |
Přidat tag
Žádné tagy, Buďte první, kdo otaguje tento záznam!
|
| Thư viện lưu trữ: | Trung tâm Học liệu Trường Đại học Cần Thơ |
|---|
| LEADER | 00497nam a2200181Ia 4500 | ||
|---|---|---|---|
| 001 | CTU_89337 | ||
| 008 | 210402s9999 xx 000 0 und d | ||
| 082 | |a 320.904 | ||
| 082 | |b S786 | ||
| 100 | |a Stankiewicz, W. J. | ||
| 245 | 0 | |a Political thought since world war II | |
| 245 | 0 | |c W. J. Stankiewicz | |
| 260 | |a London | ||
| 260 | |b The Free Press Of Glencoe | ||
| 260 | |c 1964 | ||
| 650 | |a Political science | ||
| 904 | |i Tuyến | ||
| 980 | |a Trung tâm Học liệu Trường Đại học Cần Thơ | ||